[Event "Mittelfranken Landesliga Nord 2223"]
[Site "Mittelfranken"]
[Date "2023.03.19"]
[Round "8.1"]
[White "Zvara, Petr"]
[Black "Duerr, Florian"]
[Result "1-0"]
[WhiteElo "2380"]
[BlackElo "2257"]
[PlyCount "84"]
[EventDate "2022.10.09"]
[EventType "team-tourn"]
[EventRounds "9"]
[EventCountry "GER"]
[SourceTitle "EXT 2024"]
[Source "ChessBase"]
[SourceDate "2023.10.10"]
[SourceVersion "1"]
[SourceVersionDate "2023.10.10"]
[SourceQuality "1"]
[WhiteTeam "Schwandorf"]
[BlackTeam "Erlangen II"]
[WhiteTeamCountry "GER"]
[BlackTeamCountry "GER"]

1. e4 c6 2. d4 d5 3. exd5 cxd5 4. c4 Nf6 5. Nc3 Nc6 6. Bg5 dxc4 7. Bxc4 h6 8. Bh4 Qxd4 9. Qxd4 Nxd4 10. 0-0-0 e5 11. f4 Bg4 12. Nf3 Bxf3 13. gxf3 Rc8 14. Bf1 Nxf3 15. fxe5 Nd7 16. Bb5 Rc6 17. Bxc6 bxc6 18. e6 fxe6 19. Bg3 Be7 20. Ne4 Nfe5 21. Rd4 Rf8 22. Ra4 Nd3+ 23. Kb1 N3c5 24. Nxc5 Bxc5 25. Rc1 Rf3 26. Rac4 Bf2 27. Rf1 Bxg3 28. Rxf3 Bxh2 29. Re3 Ke7 30. Rxc6 e5 31. Rc7 Ke6 32. Rec3 Nf6 33. Rxg7 e4 34. Rh3 Bf4 35. Kc2 Kf5 36. Rxa7 Kg4 37. Rh1 Nd5 38. Kd1 Kf3 39. Rf1+ Kg2 40. Ke2 Bg5 41. Rg7 e3 42. Rf5 Nb4 1-0

[Event "Mittelfranken Landesliga Nord 2223"]
[Site "Mittelfranken"]
[Date "2022.10.23"]
[Round "2.1"]
[White "Duerr, Florian"]
[Black "Lauer, Moritz"]
[Result "1/2-1/2"]
[WhiteElo "2257"]
[BlackElo "2414"]
[PlyCount "82"]
[EventDate "2022.10.09"]
[EventType "team-tourn"]
[EventRounds "9"]
[EventCountry "GER"]
[SourceTitle "EXT 2024"]
[Source "ChessBase"]
[SourceDate "2023.10.10"]
[SourceVersion "1"]
[SourceVersionDate "2023.10.10"]
[SourceQuality "1"]
[WhiteTeam "Erlangen II"]
[BlackTeam "Herzogenaurach"]
[WhiteTeamCountry "GER"]
[BlackTeamCountry "GER"]

1. e4 d5 2. exd5 Qxd5 3. Nc3 Qd6 4. d4 Nf6 5. Nf3 g6 6. Nb5 Qb6 7. a4 c6 8. Na3 Bg7 9. Nc4 Qd8 10. Be2 0-0 11. 0-0 Bg4 12. h3 Bxf3 13. Bxf3 Nd5 14. a5 Nd7 15. c3 e6 16. Qb3 Qc7 17. Rd1 Rfe8 18. Ne3 Rad8 19. g3 Ne7 20. Ng4 Nf5 21. Bg5 Rb8 22. Bf4 e5 23. dxe5 Nxe5 24. Kg2 h5 25. Nxe5 Bxe5 26. Bxe5 Rxe5 27. h4 a6 28. Rd2 Rbe8 29. Rad1 R8e7 30. Rd8+ Kg7 31. Ra8 Re8 32. Rxe8 Rxe8 33. Qb6 Qe7 34. b4 Rc8 35. c4 Rc7 36. Rd2 Kh7 37. Rd1 Ng7 38. Rd2 Ne6 39. b5 cxb5 40. cxb5 axb5 41. Qxb5 Rc5 1/2-1/2

[Event "Mittelfranken Landesliga Nord 2223"]
[Site "Mittelfranken"]
[Date "2022.10.09"]
[Round "1.1"]
[White "Giessmann, Stephan"]
[Black "Duerr, Florian"]
[Result "0-1"]
[WhiteElo "2194"]
[BlackElo "2257"]
[PlyCount "90"]
[EventDate "2022.10.09"]
[EventType "team-tourn"]
[EventRounds "9"]
[EventCountry "GER"]
[SourceTitle "EXT 2024"]
[Source "ChessBase"]
[SourceDate "2023.10.10"]
[SourceVersion "1"]
[SourceVersionDate "2023.10.10"]
[SourceQuality "1"]
[WhiteTeam "Kelheim"]
[BlackTeam "Erlangen II"]
[WhiteTeamCountry "GER"]
[BlackTeamCountry "GER"]

1. d4 Nf6 2. Nf3 g6 3. c3 Bg7 4. Bg5 h6 5. Bh4 d6 6. Nbd2 0-0 7. e4 Nc6 8. d5 Nb8 9. Be2 c6 10. c4 Nh5 11. Rb1 cxd5 12. cxd5 Nf4 13. 0-0 Nd7 14. b4 Nf6 15. Re1 Nxe2+ 16. Qxe2 g5 17. Bg3 Nh5 18. Nf1 Bd7 19. h4 g4 20. N3h2 Nxg3 21. Nxg3 e6 22. Qxg4 exd5 23. Nf5 Qf6 24. Qxg7+ Qxg7 25. Nxg7 Kxg7 26. exd5 Rfe8 27. Nf3 Kf6 28. Nd2 Bf5 29. Rbc1 Rxe1+ 30. Rxe1 Rc8 31. f3 Rc2 32. Nb3 Rxa2 33. Na5 b6 34. Nc4 Ra4 35. Nxd6 Rxb4 36. Nxf5 Kxf5 37. Re7 a5 38. Rxf7+ Ke5 39. Rd7 a4 40. d6 Ke6 41. Rh7 Kxd6 42. Rxh6+ Ke5 43. Rh8 b5 44. h5 a3 45. f4+ Kf6 0-1

[Event "Landesliga Nord 1920"]
[Site "Bayern"]
[Date "2020.01.19"]
[Round "5.2"]
[White "Duerr, Florian"]
[Black "Stauch, Edgar"]
[Result "1-0"]
[WhiteElo "2189"]
[BlackElo "2075"]
[PlyCount "55"]
[EventDate "2019.09.29"]
[EventType "team-tourn"]
[EventRounds "9"]
[EventCountry "GER"]
[SourceTitle "EXT 2021"]
[Source "ChessBase"]
[SourceDate "2020.10.23"]
[SourceVersion "1"]
[SourceVersionDate "2020.10.23"]
[SourceQuality "1"]
[WhiteTeam "Erlangen SC II"]
[BlackTeam "Kronach"]
[WhiteTeamCountry "GER"]
[BlackTeamCountry "GER"]

1. e4 e6 2. d4 d5 3. Nc3 Nc6 4. Nf3 Nf6 5. e5 Ne4 6. Ne2 f6 7. Nf4 Bd7 8. Bd3 f5 9. h4 Be7 10. c3 0-0 11. Be3 Na5 12. g4 Nc4 13. Bxc4 dxc4 14. gxf5 Rxf5 15. Qc2 Bc6 16. d5 Bxd5 17. 0-0-0 Qf8 18. Nxd5 exd5 19. Rxd5 Nxf2 20. Qxf2 Rxf3 21. Qe2 Qf7 22. e6 Qf8 23. Rd7 Re8 24. Rg1 Qf5 25. Bd4 g6 26. Rxc7 Bf6 27. Bxf6 Qxf6 28. Rf7 1-0

[Event "Oberliga Bayern 1819"]
[Site "Bayern"]
[Date "2019.04.07"]
[Round "9.7"]
[White "Bielmeier, Ludwig"]
[Black "Duerr, Florian"]
[Result "0-1"]
[WhiteElo "2135"]
[BlackElo "2067"]
[PlyCount "66"]
[EventDate "2018.10.21"]
[EventType "team-tourn"]
[EventRounds "9"]
[EventCountry "GER"]
[SourceTitle "EXT 2020"]
[Source "ChessBase"]
[SourceDate "2019.10.17"]
[SourceVersion "1"]
[SourceVersionDate "2019.10.17"]
[SourceQuality "1"]
[WhiteTeam "Deggendorf"]
[BlackTeam "Erlangen SC"]
[WhiteTeamCountry "GER"]
[BlackTeamCountry "GER"]

1. Nf3 Nf6 2. c4 g6 3. g3 Bg7 4. Bg2 0-0 5. 0-0 d6 6. Nc3 Nc6 7. d3 e5 8. Rb1 a5 9. a3 h6 10. b4 axb4 11. axb4 Be6 12. b5 Ne7 13. Nd2 Qc8 14. Re1 Bh3 15. Bh1 Ng4 16. Nd5 Nxd5 17. cxd5 f5 18. Qc2 b6 19. Rb4 h5 20. Rc4 Rf7 21. Nf3 f4 22. Bg2 fxg3 23. hxg3 Bxg2 24. Kxg2 Ra5 25. Qb3 Qa8 26. Rc6 Ra2 27. Qc4 Rxf3 28. exf3 Rxf2+ 29. Kg1 Rxf3 30. Rxc7 Kh7 31. Rxg7+ Kxg7 32. Qc7+ Rf7 33. Qxd6 Qa2 0-1

[Event "Oberliga Bayern 1819"]
[Site "Bayern"]
[Date "2018.11.25"]
[Round "3.8"]
[White "Lohvinov, Petro"]
[Black "Duerr, Florian"]
[Result "1-0"]
[WhiteElo "2089"]
[BlackElo "2067"]
[PlyCount "83"]
[EventDate "2018.10.21"]
[EventType "team-tourn"]
[EventRounds "9"]
[EventCountry "GER"]
[SourceTitle "EXT 2020"]
[Source "ChessBase"]
[SourceDate "2019.10.17"]
[SourceVersion "1"]
[SourceVersionDate "2019.10.17"]
[SourceQuality "1"]
[WhiteTeam "Muenchen Suedost"]
[BlackTeam "Erlangen SC"]
[WhiteTeamCountry "GER"]
[BlackTeamCountry "GER"]

1. e4 e6 2. d4 d5 3. Nd2 c5 4. exd5 exd5 5. Bb5+ Bd7 6. Bxd7+ Nxd7 7. Qe2+ Be7 8. Ngf3 Ngf6 9. 0-0 0-0 10. dxc5 Nxc5 11. Nb3 Nce4 12. Nfd4 Re8 13. Be3 a6 14. Qd3 Qc7 15. Nf5 Ng4 16. g3 Qe5 17. Nxe7+ Rxe7 18. Nd4 Qh5 19. Nf3 Re6 20. Rae1 Rf6 21. Nh4 Ne5 22. Qd1 Nf3+ 23. Nxf3 Rxf3 24. Bf4 g5 25. Qxd5 Rxf4 26. Rxe4 Rxe4 27. Qxe4 Qg6 28. Qxb7 Re8 29. Qc7 Re2 30. Qd8+ Kg7 31. Qd4+ Kh6 32. c4 Qe6 33. h4 gxh4 34. Qxh4+ Kg6 35. Rd1 f6 36. Qd4 Re4 37. Qd5 Qe8 38. Rd4 Re1+ 39. Kg2 h5 40. Rh4 Qe2 41. Qg8+ Kf5 42. Rf4+ 1-0

[Event "Oberliga Bayern 1819"]
[Site "Bayern"]
[Date "2018.10.21"]
[Round "1.7"]
[White "Duerr, Florian"]
[Black "Finster, Michael"]
[Result "0-1"]
[WhiteElo "2067"]
[BlackElo "2135"]
[PlyCount "110"]
[EventDate "2018.10.21"]
[EventType "team-tourn"]
[EventRounds "9"]
[EventCountry "GER"]
[SourceTitle "EXT 2020"]
[Source "ChessBase"]
[SourceDate "2019.10.17"]
[SourceVersion "1"]
[SourceVersionDate "2019.10.17"]
[SourceQuality "1"]
[WhiteTeam "Erlangen SC"]
[BlackTeam "Herzogenaurach"]
[WhiteTeamCountry "GER"]
[BlackTeamCountry "GER"]

1. e4 e5 2. Nf3 Nc6 3. Bb5 a6 4. Ba4 Nf6 5. 0-0 Nxe4 6. d4 b5 7. Bb3 d5 8. dxe5 Be6 9. Nbd2 Be7 10. c3 0-0 11. Bc2 Nc5 12. Nb3 Bg4 13. Re1 Ne6 14. Qd3 g6 15. Bh6 Re8 16. Qe3 Qd7 17. Nfd4 Nc5 18. Nxc6 Qxc6 19. Nd4 Qd7 20. h3 Be6 21. f4 f5 22. exf6 Bxf6 23. Nxe6 Nxe6 24. Qg3 Ng7 25. Bxg7 Bxg7 26. f5 gxf5 27. Qg5 Rxe1+ 28. Rxe1 Re8 29. Rf1 Rf8 30. Bxf5 Qe8 31. Qh4 h6 32. Qg3 Kh8 33. Qxc7 d4 34. Qg3 dxc3 35. bxc3 Qc6 36. Kh1 Bxc3 37. Rd1 Bg7 38. Rd7 Qc1+ 39. Kh2 Qg5 40. Qxg5 hxg5 41. g4 Be5+ 42. Kg2 Rf6 43. Kf3 Bc3 44. Rh7+ Kg8 45. Ke4 Rxf5 46. Ra7 Rf6 47. Kd5 Kf8 48. Kc5 Ke8 49. Ra8+ Kf7 50. Ra7+ Kg6 51. Kd5 Be1 52. Ra8 Rb6 53. Re8 Bg3 54. Rg8+ Kf6 55. Kc5 Rb8 0-1

[Event "Bayernliga U20 1718"]
[Site "Bayern"]
[Date "2018.03.10"]
[Round "6.1"]
[White "Duerr, Florian"]
[Black "Ovsepyan, Arshak"]
[Result "1-0"]
[WhiteElo "2170"]
[BlackElo "2101"]
[PlyCount "39"]
[EventDate "2017.11.18"]
[EventType "team-tourn"]
[EventRounds "7"]
[EventCountry "GER"]
[SourceTitle "EXT 2022"]
[Source "ChessBase"]
[SourceDate "2021.10.06"]
[SourceVersion "1"]
[SourceVersionDate "2021.10.06"]
[SourceQuality "1"]
[WhiteTeam "Erlangen SC U20"]
[BlackTeam "Graefelfing SK U20"]
[WhiteTeamCountry "GER"]
[BlackTeamCountry "GER"]

1. Nf3 b6 2. e4 Bb7 3. Nc3 e6 4. d4 Bb4 5. Bd3 d5 6. exd5 Qxd5 7. 0-0 Bxc3 8. bxc3 Nf6 9. c4 Qd6 10. c5 bxc5 11. Rb1 Bc6 12. dxc5 Qxc5 13. Rb3 Nbd7 14. Ba3 Qd5 15. Re1 g5 16. Qd2 Nc5 17. Qc3 Nxb3 18. Qxf6 Kd7 19. Ne5+ Kc8 20. Ba6+ 1-0

[Event "Bayernliga U20 1617"]
[Site "Bayern"]
[Date "2017.03.11"]
[Round "7.3"]
[White "Dechant, Georg"]
[Black "Duerr, Florian"]
[Result "0-1"]
[WhiteElo "1912"]
[BlackElo "2093"]
[PlyCount "80"]
[EventDate "2016.11.12"]
[EventType "team-tourn"]
[EventRounds "7"]
[EventCountry "GER"]
[SourceTitle "EXT 2022"]
[Source "ChessBase"]
[SourceDate "2021.10.06"]
[SourceVersion "1"]
[SourceVersionDate "2021.10.06"]
[SourceQuality "1"]
[WhiteTeam "Regensburg Bavaria"]
[BlackTeam "Erlangen SC U20"]
[WhiteTeamCountry "GER"]
[BlackTeamCountry "GER"]

1. e4 e6 2. d4 d5 3. e5 c5 4. c3 Qb6 5. Nf3 Nc6 6. a3 Nh6 7. b4 cxd4 8. cxd4 Nf5 9. Be3 Be7 10. Bd3 0-0 11. 0-0 Bd7 12. Nc3 Nxe3 13. fxe3 a5 14. Na4 Qd8 15. b5 Na7 16. Qb1 g6 17. e4 dxe4 18. Bxe4 Bxb5 19. Nc3 Bxf1 20. Qxf1 Rc8 21. Ne2 b5 22. Nf4 Rc4 23. Bd3 Ra4 24. g3 Rxa3 25. Rxa3 Bxa3 26. Qh3 Bc1 27. Qh6 Bxf4 28. gxf4 f5 29. exf6 Rxf6 30. Ng5 Qxd4+ 31. Kh1 Qxd3 32. Qxh7+ Kf8 33. Qh8+ Ke7 34. Qg7+ Kd6 35. Kg1 Qd1+ 36. Kg2 Qe2+ 37. Kg1 Qe1+ 38. Kg2 Qe2+ 39. Kg1 Rxf4 40. Nf7+ Kd5 0-1

[Event "Regionalliga NO 1617"]
[Site "Bayern"]
[Date "2017.02.19"]
[Round "6.7"]
[White "Duerr, Florian"]
[Black "Weber, Robert1111"]
[Result "1-0"]
[WhiteElo "2043"]
[BlackElo "1802"]
[PlyCount "122"]
[EventDate "2016.10.16"]
[EventType "team-tourn"]
[EventRounds "9"]
[EventCountry "GER"]
[SourceTitle "EXT 2019"]
[Source "ChessBase"]
[SourceDate "2018.10.10"]
[SourceVersion "1"]
[SourceVersionDate "2018.10.10"]
[SourceQuality "1"]
[WhiteTeam "Erlangen SC II"]
[BlackTeam "Kareth Lappersdorf II"]
[WhiteTeamCountry "GER"]
[BlackTeamCountry "GER"]

1. e4 c5 2. Nf3 d6 3. d4 cxd4 4. Nxd4 Nf6 5. Nc3 g6 6. Be3 Bg7 7. f3 0-0 8. Bc4 Nc6 9. Qd2 Bd7 10. Bb3 Qa5 11. 0-0-0 Rfc8 12. h4 Ne5 13. h5 Nxh5 14. g4 Nf6 15. Bh6 Bh8 16. g5 Nh5 17. Nd5 Qxd2+ 18. Rxd2 Re8 19. Nc7 Rac8 20. Nxe8 Bxe8 21. Bd5 Rc7 22. Rh4 Nc4 23. Bxc4 Rxc4 24. Ne2 Bc6 25. Kb1 a5 26. b3 Rc5 27. c4 Be5 28. Rc2 Ng3 29. Nc1 Nf1 30. Nd3 Ne3 31. Rc1 Bd4 32. a3 Bd7 33. Nxc5 Bxc5 34. Ka2 Ng2 35. Rh2 Nf4 36. Rb1 Nd3 37. Rd2 Ne5 38. b4 axb4 39. axb4 Be3 40. Rc2 Be6 41. Ra1 Bd4 42. Rd1 Be3 43. Ra1 Bd4 44. Rd1 Be3 45. Rd5 Nc6 46. Rb5 b6 47. Re2 Bd4 48. Rc2 Be3 49. Kb1 f5 50. gxf6 Bxh6 51. Rxb6 Ne5 52. fxe7 Kf7 53. c5 Kxe7 54. cxd6+ Kd8 55. Rc7 Nd7 56. Ra6 Ke8 57. Ra8+ Kf7 58. Rd8 Bf8 59. Rdxd7+ Bxd7 60. Rxd7+ Ke6 61. Rxh7 Bxd6 1-0

[Event "Regionalliga NO 1516"]
[Site "Bayern"]
[Date "2016.03.13"]
[Round "8.8"]
[White "Duerr, Florian"]
[Black "Bildt, Thomas"]
[Result "1/2-1/2"]
[WhiteElo "2005"]
[BlackElo "1894"]
[PlyCount "90"]
[EventDate "2015.10.11"]
[EventType "team-tourn"]
[EventRounds "9"]
[EventCountry "GER"]
[SourceTitle "EXT 2018"]
[Source "ChessBase"]
[SourceDate "2017.10.13"]
[SourceVersion "1"]
[SourceVersionDate "2017.10.13"]
[SourceQuality "1"]
[WhiteTeam "Erlangen SC II"]
[BlackTeam "Zirndorf"]
[WhiteTeamCountry "GER"]
[BlackTeamCountry "GER"]

1. Nf3 d5 2. g3 c5 3. Bg2 Nc6 4. d4 Nf6 5. c4 e6 6. Nc3 dxc4 7. Qa4 cxd4 8. Nxd4 Qxd4 9. Bxc6+ Bd7 10. Bxd7+ Qxd7 11. Qxc4 Rc8 12. Qb3 Be7 13. 0-0 0-0 14. Rd1 Qc6 15. Bf4 Rfd8 16. Rac1 Rxd1+ 17. Rxd1 Rd8 18. Rc1 Qd7 19. Nb5 a6 20. Rc7 Qd1+ 21. Qxd1 Rxd1+ 22. Kg2 Rd7 23. Nc3 Rxc7 24. Bxc7 Bb4 25. Be5 Nd7 26. Bf4 Bxc3 27. bxc3 Kf8 28. Bd6+ Ke8 29. e4 Nb6 30. Bf4 Kd7 31. Kf3 Na4 32. Bd2 Kc6 33. Ke3 Kc5 34. Kd3 Nb2+ 35. Kc2 Nc4 36. Bf4 Nd6 37. Bxd6+ Kxd6 38. c4 Kc5 39. Kc3 e5 40. h4 h5 41. f3 f6 42. a3 g5 43. Kd3 Kc6 44. Kc2 Kb6 45. Kb3 Ka5 1/2-1/2

[Event "Mittelfranken-chTB2b 1415"]
[Site "Mittelfranken"]
[Date "2015.03.22"]
[Round "8.1"]
[White "Wichmann, Adrian"]
[Black "Duerr, Florian"]
[Result "1/2-1/2"]
[WhiteElo "1973"]
[BlackElo "2005"]
[PlyCount "90"]
[EventDate "2014.09.28"]
[EventType "team-tourn"]
[EventRounds "9"]
[EventCountry "GER"]
[SourceTitle "EXT 2020"]
[Source "ChessBase"]
[SourceDate "2019.10.17"]
[SourceVersion "1"]
[SourceVersionDate "2019.10.17"]
[SourceQuality "1"]
[WhiteTeam "Forchheim III"]
[BlackTeam "Erlangen SC III"]
[WhiteTeamCountry "GER"]
[BlackTeamCountry "GER"]

1. e4 e6 2. d4 d5 3. Nc3 Nf6 4. Bg5 Be7 5. e5 Nfd7 6. Bxe7 Qxe7 7. f4 a6 8. Nf3 c5 9. Qd2 Nc6 10. Ne2 b5 11. c3 Nb6 12. Ng3 Bd7 13. Be2 Nc4 14. Bxc4 bxc4 15. 0-0 0-0 16. Kh1 g6 17. Rab1 Rab8 18. Qf2 cxd4 19. Nxd4 Nxd4 20. Qxd4 Rb5 21. Qd2 Rfb8 22. Ne2 R5b6 23. Nd4 Be8 24. g4 Qb7 25. Rf2 Bd7 26. Rg2 Qc7 27. Qe3 Qc8 28. Qf2 Qd8 29. h4 Qf8 30. Qg3 Qh6 31. Rh2 Kf8 32. Qf2 Ke8 33. Qd2 Kd8 34. Kg2 Qg7 35. Kg3 h5 36. g5 Qf8 37. Qc2 Qc5 38. Re2 Qa5 39. b3 Qc5 40. b4 Qc7 41. a3 Qa7 42. Rb2 a5 43. Rd2 Ra8 44. b5 a4 45. Kf3 Kc7 1/2-1/2

[Event "Bayernliga U20 1415"]
[Site "Bayern"]
[Date "2014.11.15"]
[Round "1.4"]
[White "Wichmann, Adrian"]
[Black "Duerr, Florian"]
[Result "1-0"]
[WhiteElo "1973"]
[BlackElo "2005"]
[PlyCount "83"]
[EventDate "2014.11.15"]
[EventType "team-tourn"]
[EventRounds "7"]
[EventCountry "GER"]
[SourceTitle "EXT 2022"]
[Source "ChessBase"]
[SourceDate "2021.10.06"]
[SourceVersion "1"]
[SourceVersionDate "2021.10.06"]
[SourceQuality "1"]
[WhiteTeam "Forchheim SC U20"]
[BlackTeam "Erlangen SC U20"]
[WhiteTeamCountry "GER"]
[BlackTeamCountry "GER"]

1. e4 e6 2. d4 d5 3. Nc3 Nf6 4. Bg5 Be7 5. e5 Nfd7 6. Bxe7 Qxe7 7. f4 a6 8. Nf3 c5 9. Be2 Nc6 10. Qd2 0-0 11. Rd1 b5 12. a3 f6 13. exf6 Nxf6 14. 0-0 Bd7 15. Kh1 Rad8 16. Rde1 cxd4 17. Nxd4 Qc5 18. Nxc6 Bxc6 19. Bf3 Rde8 20. Re2 Rf7 21. Rfe1 Rfe7 22. Re5 Qa7 23. R5e2 Ba8 24. h3 Qc5 25. Re5 Nd7 26. R5e2 Nb6 27. Qd3 Nc4 28. Nd1 Qd6 29. b3 Nxa3 30. Re5 b4 31. Bh5 Rf8 32. Qg3 Rf5 33. Ne3 Rxe5 34. fxe5 Qd7 35. Ng4 Kh8 36. Rf1 Qd8 37. Nf6 Qf8 38. Rf2 gxf6 39. exf6 Rd7 40. f7 h6 41. Qg6 Nb5 42. Qf6+ 1-0

[Event "Mittelfranken-chTB1 1314"]
[Site "Mittelfranken"]
[Date "2014.03.30"]
[Round "8.8"]
[White "Mantel, Ruben"]
[Black "Duerr, Florian"]
[Result "0-1"]
[WhiteElo "2010"]
[BlackElo "2005"]
[PlyCount "54"]
[EventDate "2013.10.20"]
[EventType "team-tourn"]
[EventRounds "9"]
[EventCountry "GER"]
[SourceTitle "EXT 2020"]
[Source "ChessBase"]
[SourceDate "2019.10.17"]
[SourceVersion "1"]
[SourceVersionDate "2019.10.17"]
[SourceQuality "1"]
[WhiteTeam "Nuernberg Zabo"]
[BlackTeam "Erlangen SC II"]
[WhiteTeamCountry "GER"]
[BlackTeamCountry "GER"]

1. d4 Nf6 2. Nf3 g6 3. Bf4 Bg7 4. e3 0-0 5. Nbd2 d5 6. Bd3 c5 7. c3 Nc6 8. h4 Bg4 9. Qc2 cxd4 10. Nxd4 Nh5 11. Nxc6 bxc6 12. f3 Bd7 13. g4 Nxf4 14. exf4 Qc7 15. 0-0-0 Qxf4 16. h5 c5 17. hxg6 hxg6 18. Rde1 c4 19. Bxg6 fxg6 20. Qxg6 Rf6 21. Qh7+ Kf8 22. Rxe7 Kxe7 23. Qxg7+ Kd6 24. Rh7 Rd8 25. Qe7+ Kc7 26. Qc5+ Kb8 27. Qxd5 Rd6 0-1

[Event "Bayernliga U20 1314"]
[Site "Bayern"]
[Date "2014.02.15"]
[Round "6.5"]
[White "Duerr, Florian"]
[Black "Karl, Thomas"]
[Result "1-0"]
[WhiteElo "2005"]
[BlackElo "1535"]
[PlyCount "77"]
[EventDate "2013.11.16"]
[EventType "team-tourn"]
[EventRounds "7"]
[EventCountry "GER"]
[SourceTitle "EXT 2022"]
[Source "ChessBase"]
[SourceDate "2021.10.06"]
[SourceVersion "1"]
[SourceVersionDate "2021.10.06"]
[SourceQuality "1"]
[WhiteTeam "Erlangen SC U20"]
[BlackTeam "Kelheim SK U20"]
[WhiteTeamCountry "GER"]
[BlackTeamCountry "GER"]

1. c4 e5 2. g3 Nf6 3. Bg2 Nc6 4. Nc3 g6 5. d3 h6 6. Nf3 Bg7 7. Rb1 0-0 8. 0-0 Re8 9. Ne1 Rb8 10. b4 d6 11. Nc2 Bd7 12. a4 a6 13. b5 Ne7 14. Bd2 a5 15. Qc1 Kh7 16. h3 b6 17. e4 Qc8 18. Kh2 Be6 19. f4 exf4 20. gxf4 Rf8 21. Ne3 Bd7 22. Ne2 c6 23. d4 cxb5 24. cxb5 Qxc1 25. Rbxc1 Rbc8 26. Nc4 d5 27. Nxb6 Rxc1 28. Rxc1 Be6 29. e5 Ne4 30. Bxa5 Nc8 31. Nxc8 Rxc8 32. Rxc8 Bxc8 33. Bb4 f6 34. a5 Kg8 35. Nc3 Nxc3 36. Bxc3 Bf8 37. Bxd5+ Kg7 38. b6 Ba6 39. b7 1-0